Norma Jeane Baker de Troya.

Guardat en:
Dades bibliogràfiques
Autor principal: Carson, Anne (autora)
Altres autors: Clariond, Jeannette L. (traducción)
Format: Desconegut
Publicat: Madrid, España: Vaso Roto Ediciones, 2021.
Edició:Primera edición.
Col·lecció:Teatro
Matèries:
Etiquetes: Afegir etiqueta
Sense etiquetes, Sigues el primer a etiquetar aquest registre!

MARC

LEADER 00000 a2200000 4500
003 CL-VaPUC
005 20220725093436.0
008 220705t2021 ||||| |||| 00| 0 eng d
999 |c 436704  |d 436702 
020 |a 978-84-124374-6-1 
040 |c Pontificia Universidad Católica de Valparaíso 
082 7 |a 812.54 CAR 2021  |2 22 
100 |a Carson, Anne  |9 870419  |e autora 
245 |a Norma Jeane Baker de Troya. 
250 |a Primera edición. 
260 |a Madrid, España:  |b Vaso Roto Ediciones,  |c 2021. 
300 |a 107 páginas. 
490 |a Teatro  |n  4. 
583 |k Catalogador Asistente  |c 20220705 
600 |a Monroe, Marilyn,   |d 1926-1962   |x Drama   |9 873049 
650 |a Mitología griega   |x Drama   |9 873050 
650 |a Teatro estadounidense  |y Siglo 21  |9 873051 
700 |a Clariond, Jeannette L.  |e traducción  |9 872209 
942 |2 ddc  |c BK 
952 |0 0  |1 0  |2 ddc  |4 0  |6 812_540000000000000_CAR_2021  |7 0  |8 A  |9 584403  |a BIBART  |b BIBART  |d 2022-07-05  |e 135  |g 25600.00  |i 5652558  |l 2  |o 812.54 CAR 2021  |p 5652558  |r 2025-03-13  |s 2023-05-22  |t 1  |v 25600.00  |w 2022-07-05  |y BK  |k ART